René Descartes /
Guardado en:
| Autor Corporativo: | |
|---|---|
| Formato: | |
| Series: | Grandes filósofos
|
| Materias: | |
| Etiquetas: |
Agregar Etiqueta
Sin Etiquetas, Sea el primero en etiquetar este registro!
|
| LEADER | 00872ngm a22002415g 4500 | ||
|---|---|---|---|
| 001 | CEM.cems022741 | ||
| 008 | 130507b2005##################0###0#####d | ||
| 005 | 20241114205810.0 | ||
| 245 | 1 | 0 | |a René Descartes / |c Canal A. |
| 300 | |a 23'. | ||
| 490 | 0 | |a Grandes filósofos | |
| 500 | |a En soporte VHS, consultar en ventanilla. | ||
| 505 | 0 | |a Nacimiento e infancia. Sus aportes a la filosofía moderna. La duda. Alma y cuerpo. El "Discurso del método". Meditaciones metafísicas. Su muerte. | |
| 538 | |a Soporte: VHS - Norma: Pal N - Color: Si - Grabación DRD 2005 - Hitachi=4725 | ||
| 110 | 2 | |a Canal A. | |
| 082 | 1 | 0 | |/ FIL-3 |
| 653 | |a FILOSOFIA | ||
| 653 | |a DESCARTES | ||
| 653 | |a DUDA METODICA | ||
| 653 | |a DISCURSO DEL METODO | ||
| 653 | |a NIVEL PRIMARIO | ||
| 653 | |a NIVEL SECUNDARIO | ||
| 859 | |a CEMS |b BIB. CEMS - Depto. Recursos Didacticos |h 100 |i FIL-3 |k DRD |p 1384.12 |t Ej.1 | ||
